| 000 | 00585nam a22001937a 4500 | ||
|---|---|---|---|
| 003 | OSt | ||
| 005 | 20180116183001.0 | ||
| 008 | 150114b xxu||||| |||| 00| 0 eng d | ||
| 020 | _a9780857327529 | ||
| 040 |
_a0 _c0 |
||
| 082 | _a658.15 CIMA 2013 | ||
| 110 | _aKaplan Financial Limited | ||
| 245 |
_aEnterprise Operations Paper E1 _bCima Official Exame Practice KIT _cKaplan Financial Limited |
||
| 260 |
_aUK _bKaplan Publishing Limited _c2013 |
||
| 300 |
_a432+20 Aprox _bPB |
||
| 440 | _aEnterprise Operations Paper E1 | ||
| 610 | _aKaplan Financial Limited | ||
| 942 |
_2ddc _cBK |
||
| 999 |
_c349862 _d349862 |
||